The Housing (Replacement of Terminated Tenancies) (Successor Landlords) (England) Order 2009 (Record no. 109718)

MARC details
000 -LEADER
fixed length control field 01690cad a22002535a 4500
001 - CONTROL NUMBER
control field L147773
008 - FIXED-LENGTH DATA ELEMENTS--GENERAL INFORMATION
fixed length control field 090616m2009 xxk g f000 0 eng d
035 ## - SYSTEM CONTROL NUMBER
System control number (Sirsi) u147773
041 0# - LANGUAGE CODE
Language code of text/sound track or separate title eng
110 2# - MAIN ENTRY--CORPORATE NAME
Corporate name or jurisdiction name as entry element United Kingdom
Subordinate unit Department for Communities and Local Government
9 (RLIN) 4939
245 04 - TITLE STATEMENT
Title The Housing (Replacement of Terminated Tenancies) (Successor Landlords) (England) Order 2009
Medium [electronic resource]
260 ## - PUBLICATION, DISTRIBUTION, ETC.
Place of publication, distribution, etc. [S.l.]
Name of publisher, distributor, etc. OPSI
Date of publication, distribution, etc. 2009
490 #0 - SERIES STATEMENT
Series statement SI
Volume/sequential designation 1262
520 ## - SUMMARY, ETC.
Summary, etc. This Order, which applies in relation to dwelling-houses in England only, provides for Part 2 of the Housing an Regeneration Act 2008 Schedule 11 to apply, subject to specified modifications, to successor landlord cases. A successor landlord case is one where the ex-landlord's interest in the dwelling-house was transferred to another person after the original tenancy ended but before "the commencement date", and, on that date, belongs to the initial transferee or a subsequent transferee (the "successor landlord"). In the circumstances specified in Part 2, as modified, on the date this Order comes into force, a new tenancy is treated as arising between the successor landlord and the ex-tenant.
520 ## - SUMMARY, ETC.
Summary, etc. Comes into force on 20 May 2009.
521 ## - TARGET AUDIENCE NOTE
Target audience note Advanced
590 ## - LOCAL NOTE (RLIN)
Local note KA
650 24 - SUBJECT ADDED ENTRY--TOPICAL TERM
Topical term or geographic name entry element HOUSING AND REGENERATION ACT 2008
650 24 - SUBJECT ADDED ENTRY--TOPICAL TERM
Topical term or geographic name entry element HOUSING (REPLACEMENT OF TERMINATED TENANCIES) (SUCCESSOR LANDLORDS) (ENGLAND) ORDER 2009
651 #4 - SUBJECT ADDED ENTRY--GEOGRAPHIC NAME
Geographic name England
Chronological subdivision 886-
690 ## - LOCAL SUBJECT ADDED ENTRY--TOPICAL TERM (OCLC, RLIN)
Topical term or geographic name as entry element PROPERTY-RESIDENTIAL PROPERTY-RESIDENTIAL LANDLORD AND TENANT
856 40 - ELECTRONIC LOCATION AND ACCESS
Uniform Resource Identifier <a href="https://www.opsi.gov.uk/si/si2009/uksi_20091262_en_1">https://www.opsi.gov.uk/si/si2009/uksi_20091262_en_1</a>
Public note View the Statutory Instrument free of charge at www.opsi.gov.uk...
942 ## - ADDED ENTRY ELEMENTS (KOHA)
Suppress in OPAC 0
Holdings
Withdrawn status Lost status Source of classification or shelving scheme Damaged status Not for loan Home library Current library Shelving location Date acquired Total Checkouts Full call number Barcode Date last seen Copy number Price effective from Koha item type
    Dewey Decimal Classification     Virtual Virtual Online 16/06/2009   ONLINE PUBLICATION L147773 06/08/2019 1 06/08/2019 Book